000 005280000a22001810004500
003 MACL
005 20160226121401.0
008 160226b xxu||||| |||| 00| 0 eng d
040 _aMACL
_cMACL
041 _aHindi
082 _a630
100 _aशर्मा तोताराम
_940561
245 _aसरल कृषि शास्‍त्र
260 _bविनोद पुस्‍तक मन्दिर
_c1957
_aआगरा
350 _a3
650 _aAgriculture
_940562
942 _cHIN
_k630
_2ddc
999 _c25112
_d25112